| 000 | 00364nam a22001337a 4500 | ||
|---|---|---|---|
| 999 |
_c3370 _d3370 |
||
| 008 | 200609b ||||| |||| 00| 0 eng d | ||
| 082 | 0 | 0 |
_a621.402 _bS6117 |
| 100 |
_92815 _aSimonson, J. R. |
||
| 245 | 1 | 0 |
_aEngineering heat transfers / _cJ. R. Simonson |
| 260 |
_aLondon _bMacmillan press _c1975 |
||
| 300 | _axiii, 257 p. | ||
| 650 | 0 | _aHeat Transmission | |
| 942 | _cBK | ||